| 000 | 00840pam a2200253 i 4500 | ||
|---|---|---|---|
| 999 |
_c40071 _d40071 |
||
| 001 | 1807994 | ||
| 005 | 20190806131633.0 | ||
| 008 | 800527s1981 pau b 001 0 eng | ||
| 020 |
_a0800605764 : _c$24.95 |
||
| 040 |
_aDLC _cDLC _dDLC |
||
| 100 | 1 | _aGregg, Robert C. | |
| 245 | 1 | 0 |
_aEarly Arianism--a view of salvation / _cRobert C. Gregg and Dennis E. Groh. |
| 260 |
_aPhiladelphia : _bFortress Press, _cc1981. |
||
| 300 |
_axiv, 209 p. ; _c24 cm. |
||
| 336 | _atext | ||
| 337 | _aunmediated | ||
| 338 | _avolume | ||
| 504 | _aIncludes bibliographical references and indexes. | ||
| 600 | 0 | 0 |
_aJesus Christ _xHistory of doctrines _yEarly church, ca. 30-600. |
| 650 | 0 | _aArianism. | |
| 650 | 0 |
_aSalvation _xChristianity _xHistory of doctrines _yEarly church, ca. 30-600. |
|
| 700 | 1 |
_aGroh, Dennis, _ejoint author. |
|
| 942 |
_2lcc _cBK |
||